| 000 | 00402 a2200157 4500 | ||
|---|---|---|---|
| 999 |
_c320921 _d320921 |
||
| 001 | 85848 | ||
| 003 | NUST | ||
| 005 | 20180121114003.0 | ||
| 008 | 180121b xxu||||| |||| 00| 0 eng d | ||
| 020 | _a0813309735 | ||
| 082 | _a960.32 HAR | ||
| 100 |
_aJohn W. Harbeson ; Donald Rothchild _99332 |
||
| 245 |
_aAfrica in World Politics _hEnglish |
||
| 250 | _a1st | ||
| 260 |
_aUSA _bWestview Press _c1991 |
||
| 300 | _aix, 341p. | ||
| 500 | _aGifted By AM Masood Akhtar | ||
| 942 |
_acaenust _cBK _k960.32 HAR _2ddc |
||